000 00314nam a2200121Ia 4500
008 220204s9999 xx 000 0 und d
082 _a691.11
_bWIL
100 _aWilkinson
245 0 _aIndustrial timber preservation
260 _aLondon
_bAssoicated Busienss
_c1979
650 _aTimber preservation
942 _cBK
999 _c34479
_d34479